Films américains se déroulant à Paris par images - Statistiques

Statistiques générales
  • Ce quiz a été pris 149 fois
  • Le résultat moyen est 8 sur 15
Statistiques - réponses
Par images Hint Réponse % Correct
2023 Napoléon
91%
2018 Mission impossible : Fallout
88%
2010 Inception
87%
2006 Da Vinci Code
75%
2009 Inglourious Basterds
71%
2023 John Wick : Chapitre 4
67%
2001 Moulin Rouge
66%
2008 Taken
63%
2011 Hugo Cabret
51%
2007 Rush Hour 3
38%
2011 Minuit à Paris
31%
2006 Le Diable s'habille en Prada
28%
1951 Un Américain à Paris
21%
1985 Dangereusement vôtre
10%
1963 Charade
7%
Aucun quiz correspondant
Distribution des résultats
% des personnes avec chaque résultat
Percentile par nombre de réponses
Votre historique - résultats
Vous n’avez pas pris ce quiz